| 000 | 00741cam a22002533a 4500 | ||
|---|---|---|---|
| 001 | 2678 | ||
| 003 | PGUSA | ||
| 005 | 20140828083020.0 | ||
| 008 | 010601s2001||||xxu|||||s|||||000 p eng d | ||
| 040 |
_aPGUSA _beng |
||
| 042 | _adc | ||
| 050 | 4 | _aPS | |
| 100 | 1 |
_aDickinson, Emily, _d1830-1886 |
|
| 245 | 1 | 0 |
_aPoems by Emily Dickinson, Series One _h[electronic resource] / _cEmily Dickinson |
| 260 |
_bProject Gutenberg, _c2001 |
||
| 506 | _aPublic domain in the USA. | ||
| 516 | _aElectronic text | ||
| 653 | _aAmerican poetry | ||
| 700 | 1 |
_aHigginson, Thomas Wentworth, _d1823-1911 |
|
| 700 | 1 |
_aTodd, Mabel Loomis, _d1856-1932 |
|
| 830 | 0 |
_aProject Gutenberg _v2678 |
|
| 856 | 4 | 0 | _uhttp://www.gutenberg.org/ebooks/2678 |
| 942 | _cEB | ||
| 999 |
_c232011 _d232011 |
||